000 00383nam a22001697a 4500
005 20160614143217.0
008 160614b xxu||||| |||| 00| 0 eng d
020 _a81-7656-964-X
041 _aeng
082 _b7464
100 _aBayross, Ivan
_9121
245 _aSQL, PL/SQL
260 _bBPB Publishing
300 _a443
650 _aInformation Technology
_9137
942 _cBK
999 _c2668
_d2667